Which City in Europe? Picture Quiz - Statistics

General Stats
  • This quiz has been taken 305 times
    285 since last reset
  • The average score is 9 of 15
Answer Stats
Picture Answer % Correct
Paris
96%
London
95%
Pisa
83%
Rome
80%
Athens
78%
Budapest
65%
Florence
60%
Moscow
59%
Copenhagen
53%
Barcelona
51%
Frankfurt
51%
Edinburgh
45%
Bilbao
41%
Munich
27%
Oslo
26%
No matching quizzes found
Score Distribution
Percent of People with Each Score
Percentile by Number Answered
Your Score History
You have not taken this quiz since the last reset